• 首页
  • 本馆介绍
  • 公告通知
  • 最新文献
  • 馆藏检索
  • 电子资源
  • 读者导购
  • 参考咨询
  • 我的图书馆
  • 登录
  • 详细信息显示
  • 放入我的书架
  • 预约/预借图书
  • 作者相关作品
  • 分类相关作品
  • 丛书相关作品
  • 出版社相关作品

书目信息

  • 表格格式
  • 工作单格式
  • 卡片格式
题名:
富爸爸财务自由之路
    
 
作者: 罗伯特·T.清崎 , 莎伦·L.莱希特 著 ;龙秀 译
分册:  
出版信息: 北京   世界图书出版公司  2000
页数: 260页
开本: 20cm
丛书名:
单 册:
中图分类: TS976.15-49
科图分类:
主题词: 家庭管理
电子资源:
ISBN: 7-5062-4675-9
000 00951nam0 2200229 450
001 0741334015
005 20070726153919.84
010    @a7-5062-4675-9@dCNY23.80
100    @a20070721d2000 km y0chiy0120 ea
101 0  @achi
102    @aCN@b110000
200 1  @a富爸爸财务自由之路@Afu ba ba cai wu zi you zhi lu@e神奇的现金流象限@f(美)罗伯特·T.清崎(Robert T.Kiyosaki),(美)莎伦·L.莱希特(Sharon L.Lechter)著@F(mei)luo bo te·T.qing qi(Robert T.Kiyosaki),(mei)sha lun·L.lai xi te(Sharon L.Lechter)zhu@g龙秀译@Glong xiu yi
210    @a北京@c世界图书出版公司@d2000
215    @a260页@d20cm
517 1  @a神奇的现金流象限@Ashen qi de xian jin liu xiang xian
606 0  @a家庭管理
690    @aTS976.15-49@v3
701  0 @a罗伯特·T.清崎@Aluo bo te·T.qing qi@bRobertT.Kiyosaki@4著
701  0 @a莎伦·L.莱希特@Asha lun·L.lai xi te@bSharonL.Lechter@4著
702  0 @a龙秀@Along xiu@4译
801  0 @aCN@bPFT@c20070726
905    @a10447@dTS976.15-49@e269
    
    富爸爸财务自由之路:神奇的现金流象限/(美)罗伯特·T.清崎(Robert T.Kiyosaki),(美)莎伦·L.莱希特(Sharon L.Lechter)著/龙秀译.-北京:世界图书出版公司,2000
    260页;20cm
    
    
    ISBN 7-5062-4675-9:CNY23.80
    
●
相关链接 在E读中查询图书 在五车中查询图书 在当当中查询图书 在豆瓣中查询图书


正题名:富爸爸财务自由之路     索取号:TS976.15-49/269         预约/预借

序号 登录号 条形码 馆藏地/架位号 状态 备注
1 0769285   207692852   第二样本阅览室/ [索取号:TS976.15-49/269] 在馆    
唐山师范学院图书馆 欢迎您!
大连网信软件有限公司© 版权所有